- Cristancho, José Gabriel
Entry Nombre Personal
001 - NUMERO DE CONTROL
- campo de control: 50809
003 - IDENTIFICADOR DE NUMERO DE CONTROL
- campo de control: DLC
005 - FECHA Y HORA DE LA ÜLTIMA TRANSACCIÓN
- campo de control: 20240111154228.0
008 - DATOS DE LONGITUD FIJA
- campo de control de longitud fija: 140716nn fnnnnaabn |a aaa c
010 ## - NÚMERO DE CONTROL DE LA BIBLIOTECA DEL CONGRESO
- Número de control LC: no2014094141
035 ## - NUMERO DE CONTROL
- Número de control: (OCoLC)oca09908891
040 ## - FUENTE DE CATALOGACIÓN
- Agencia original de catalogación: NcU
- Lenguaje de catalogación: spa
- Description conventions: rda
- Agencia de transcripción: NcU
- Agencia que lo modifica: CSt
- Agencia que lo modifica: MX-MxUPN
100 1# - ENCABEZAMIENTO - NOMBRE PERSONAL
- Nombre personal: Cristancho, José Gabriel
370 ## - LUGAR ASOCIADO
- Associated country: Colombia
- Fuente del término: naf
373 ## - GRUPO ASOCIADO
- Associated group: Universidad Pedagógica Nacional (Colombia)
- Fuente del término: naf
377 ## - LENGUA ASOCIADA
- Language code: spa
378 ## - FORMA COMPLETA DE NOMBRE PERSONAL
- Fuller form of personal name: Crisancho Altuzarra
400 1# - VEÁSE - NOMBRE DE PERSONA
- Personal name: Cristancho Altuzarra, José Gabriel
400 1# - VEÁSE - NOMBRE DE PERSONA
- Personal name: Altuzarra, José Gabriel Crisancho
670 ## - FUENTE EN LA QUE SE LOCALIZARON DATOS
- Cita de la fuente: Memoria y formación, 2013:
- Información localizada: portada (José Gabriel Crisancho) Los autores (Magíster en Filosofía de la Universidad de Santo Tomás. Candidato a doctor de la Universidad Pedagógica Nacional (UPN). Profesor de la Maestría en Educación de la Universidad Pedagógica Nacional (UPN). Investigador del Grupo)
670 ## - FUENTE EN LA QUE SE LOCALIZARON DATOS
- Cita de la fuente: CvLAC -RG WWW page 16 July 2014:
- Información localizada: Hoja de vida (nombre: José Gabriel Cristancho Altuzarra; nombre en citaciones: Cristancho Altuzarra, José Gabriel; nacionalidad: colombiana ... Producción bibliográfica - libro - libro resultado de investigación "Memoria y formación" 2013)
670 ## - FUENTE EN LA QUE SE LOCALIZARON DATOS
- Cita de la fuente: Tigres de papel, recuerdos de película, 2018:
- Información localizada: portada (José Gabriel Crisancho Altuzarra)
902 ## - CATALOGADOR
- Catalogador: VíctorGodínez/110124
